|
|
|
|
| LEADER |
00590nam a22001451a 4500 |
| 082 |
|
|
|a S 181.043
|b UDA/A.1
|
| 100 |
|
|
|a Udayanacharya
|
| 245 |
|
|
|a Atma tattva viveka (v.1)
|
| 260 |
|
|
|b Author
|c 2008
|
| 300 |
|
|
|a 268+62+10p.
|
| 700 |
|
|
|a Kishore Nath Jha (comp.)
|
| 942 |
|
|
|c BK
|
| 999 |
|
|
|c 3559
|d 3559
|
| 952 |
|
|
|0 0
|1 0
|4 0
|6 S_181_043000000000000_UDA_A_1
|7 0
|9 5458
|a SSUS
|b SSUS
|d 2015-01-08
|g 0.00
|o S 181.043 UDA/A.1
|p 059274
|r 2015-01-08
|v 0.00
|w 2015-01-08
|y BK
|
| 952 |
|
|
|0 0
|1 0
|4 0
|6 S_181_043000000000000_UDA_A_1
|7 0
|9 5459
|a SSUS
|b SSUS
|c STACKS
|d 2015-10-26
|g 800.00
|o S 181.043 UDA/A.1
|p 079288
|r 2015-10-26
|w 2015-10-26
|y BK
|